00391 2200157 4500001002100000008004100021035002000062245002900082100001600111260002800127300002200155020002200177084001400199082000800213990001200221INLIS000000000002850 IND  a0010-0925000197 aRahasia IbucEko Hartono aEko Hartono aJakartabEuthaniac2015 a160c(13 x 19 cm) a978-602-1310-17-5 a813 EKO r a813 a0755072